Normal view MARC view
  • TE--37/TCC-12

Entry Geographic Name

Number of records used in: 1

001 - CONTROL NUMBER

  • control field: 131302

003 - CONTROL NUMBER IDENTIFIER

  • control field: NUST

005 - DATE AND TIME OF LATEST TRANSACTION

  • control field: 20251021103503.0

008 - FIXED-LENGTH DATA ELEMENTS

  • fixed length control field: 251021|| aca||aabn | a|a d

040 ## - CATALOGING SOURCE

  • Original cataloging agency: NUST
  • Transcribing agency: NUST

151 ## - HEADING--GEOGRAPHIC NAME

  • Geographic name: TE--37/TCC-12

670 ## - SOURCE DATA FOUND

  • Source citation: Work cat.: (NUST)183104: Khattak, K. Imran SGT (TE--37/TCC-12) 131301, Interface command post exchange (CPX 200) over WD 1 /TT wires at a distance of at least 200 meters /, MCS
© 2023 Central Library, National University of Sciences and Technology. All Rights Reserved.